MARC

LEADER 00000nam0a2200000 4500
001 155620
005 20231031152525.0
035 |a (RuTPU)RU\TPU\book\168799 
090 |a 155620 
100 |a 20090317d1980 m y0rusy50 ca 
101 0 |a rus 
102 |a RU 
105 |a a z 001zy 
200 1 |a Химический формализм в теории фазовых превращений  |e учебное пособие для вузов  |f Ю. И. Паскаль, С. С. Борисов  |g Томский государственный университет (ТГУ) 
210 |a Томск  |c Изд-во Томского ун-та  |d 1980 
215 |a 190 с.  |c ил. 
320 |a Библиогр.: с. 187-189. 
610 1 |a химия 
610 1 |a химический формализм 
610 1 |a фазовые превращения 
610 1 |a термодинамика 
610 1 |a кинетика 
610 1 |a твердые тела 
610 1 |a гетерофазные системы 
610 1 |a учебные пособия 
675 |a 544.344.01(075.8)  |v 3 
700 1 |a Паскаль  |b Ю. И.  |g Юрий Иванович 
701 1 |a Борисов  |b С. С.  |g Сергей Сергеевич 
712 0 2 |a Томский государственный университет (ТГУ)  |2 stltpush  |3 (RuTPU)RU\TPU\col\397 
801 1 |a RU  |b 63413507  |c 20090317  |g PSBO 
801 2 |a RU  |b 63413507  |c 20130730  |g RCR 
942 |c BK